00829nam a22002297a 4500003000900000005001700009008004000026020001800066040002200084100002000106245009200126250001100218260004800229300002700277586007300304700001900377942001200396945002700408952011100435956003600546999001700582DO-SdBNP20180216093248.0161213b 2000 sp |||| |||| 00| 0 spa d a9788434856646 aBPMSUbspacBPMSU1 aReviejo, Carlos1 aCanto y cuento : bantología poética para niños /cCarlos Reviejo, Eduardo Soler. a5a ed. aMadrid, España :bEdiciones S. M.,c2000. a236 p. :bil.,c28 cm. aPremio nacional al libro mejor editado 1997 en la modalidad infantil1 aSoler, Eduardo 2ddccBK aInventariado, 2018 /LP 00102ddc40708CI-GaBPMETbBPMETd2016-12-13eDonación l0pBPMSU16120289r2016-12-13w2016-12-13yBK aBTAVÁREZb10c20161213hBPMSU c12409d12409